<?xml version="1.0" encoding="UTF-8"?>
<record
    xmlns:xsi="http://www.w3.org/2001/XMLSchema-instance"
    xsi:schemaLocation="http://www.loc.gov/MARC21/slim http://www.loc.gov/standards/marcxml/schema/MARC21slim.xsd"
    xmlns="http://www.loc.gov/MARC21/slim">

  <leader>02208cam a2200313   4500500</leader>
  <controlfield tag="005">20251228062621.0</controlfield>
  <datafield tag="041" ind1=" " ind2=" ">
    <subfield code="a">fre</subfield>
  </datafield>
  <datafield tag="042" ind1=" " ind2=" ">
    <subfield code="a">dc</subfield>
  </datafield>
  <datafield tag="100" ind1="1" ind2="0">
    <subfield code="a">Desrosiers, Marie-Eve</subfield>
    <subfield code="e">author</subfield>
  </datafield>
  <datafield tag="700" ind1="1" ind2="0">
    <subfield code="a">Ndayikengurutse, Guillaume</subfield>
    <subfield code="e">author</subfield>
  </datafield>
  <datafield tag="700" ind1="1" ind2="0">
    <subfield code="a">Bouka, Yolande</subfield>
    <subfield code="e">author</subfield>
  </datafield>
  <datafield tag="245" ind1="0" ind2="0">
    <subfield code="a">La contestation politique de&#xA0;2015 au Burundi</subfield>
  </datafield>
  <datafield tag="260" ind1=" " ind2=" ">
    <subfield code="c">2028.
							</subfield>
  </datafield>
  <datafield tag="500" ind1=" " ind2=" ">
    <subfield code="a">79</subfield>
  </datafield>
  <datafield tag="520" ind1=" " ind2=" ">
    <subfield code="a">The 2015 episode of political protest in Burundi has often been studied in ways that neglect the individual and local realities of the contestation, whereas mobilization is instead largely framed around the political logics of certain key political actors and activists. It is a bias also found in political protest scholarship more broadly. Building on scholarship looking at micro or bottom-up dynamics, this article looks at the relationships between activists and citizens in the 2015 events, as well as the motivations and forms of protest as seen from the citizens&#x2019; perspective.</subfield>
  </datafield>
  <datafield tag="520" ind1=" " ind2=" ">
    <subfield code="a">La contestation au Burundi en 2015 a souvent &#xE9;t&#xE9; &#xE9;tudi&#xE9;e de mani&#xE8;re &#xE0; n&#xE9;gliger les r&#xE9;alit&#xE9;s individuelles et locales de ce mouvement contestataire, cadrant la mobilisation autour des logiques politiques de certains acteurs politiques et activistes cl&#xE9;s. Il s&#x2019;agit d&#x2019;ailleurs d&#x2019;un biais plus large des travaux sur les mouvements contestataires. S&#x2019;appuyant sur les apports de la litt&#xE9;rature portant sur les r&#xE9;alit&#xE9;s micrologiques ou &#xAB; par le bas &#xBB;, l&#x2019;article se penche sur les relations entre les activistes et citoyens dans le cadre de la mobilisation de 2015, ainsi que sur les motivations et formes de contestation vues de l&#x2019;angle des citoyens.</subfield>
  </datafield>
  <datafield tag="690" ind1=" " ind2=" ">
    <subfield code="a">Afrique</subfield>
  </datafield>
  <datafield tag="690" ind1=" " ind2=" ">
    <subfield code="a">Burundi</subfield>
  </datafield>
  <datafield tag="690" ind1=" " ind2=" ">
    <subfield code="a">Contestation politique</subfield>
  </datafield>
  <datafield tag="690" ind1=" " ind2=" ">
    <subfield code="a">Manifestation</subfield>
  </datafield>
  <datafield tag="690" ind1=" " ind2=" ">
    <subfield code="a">Mouvements sociaux</subfield>
  </datafield>
  <datafield tag="690" ind1=" " ind2=" ">
    <subfield code="a">Africa</subfield>
  </datafield>
  <datafield tag="690" ind1=" " ind2=" ">
    <subfield code="a">Burundi</subfield>
  </datafield>
  <datafield tag="690" ind1=" " ind2=" ">
    <subfield code="a">Political Contestation</subfield>
  </datafield>
  <datafield tag="690" ind1=" " ind2=" ">
    <subfield code="a">Protest</subfield>
  </datafield>
  <datafield tag="690" ind1=" " ind2=" ">
    <subfield code="a">Social Movements</subfield>
  </datafield>
  <datafield tag="786" ind1="0" ind2=" ">
    <subfield code="n">Revue internationale de politique compar&#xE9;e | Pub. anticip&#xE9;es | 2028-03-23 | p. I-XXVIII | 1370-0731</subfield>
  </datafield>
  <datafield tag="856" ind1="4" ind2="1">
    <subfield code="u">https://shs.cairn.info/revue-internationale-de-politique-comparee-2025-0-page-I0005?lang=fr&amp;redirect-ssocas=7080</subfield>
  </datafield>
  <datafield tag="999" ind1=" " ind2=" ">
    <subfield code="c">1588701</subfield>
    <subfield code="d">1588701</subfield>
  </datafield>
</record>
